000 00642 a2200193 4500
999 _c183351
_d183351
005 20211223125613.0
010 _aENG-130545
020 _a978-0-19-012531-8
_c595.00
035 _aEN-114077
037 _bDBAD/PUB
082 _a362.10954
_b1
100 _aRao, K.Sujatha
245 _aDo We Care?:
_bIndia 's Health System/
_cK.Sujatha Rao
250 _a2020
260 _aNew Delhi
_bOxford University Press
_c2020
270 _a22 Workspace, 2nd Floor, 1/22 Asaf Ali Road
_bNew Delhi
_e110002
300 _axix,447 p.
_c22cm (pbk)
_bSelect Bibliography,Index, About the Author
942 _adpl
_cEN
_2ddc
_h306.30954
_mBHA